000 00545nam a22002177a 4500
003 UA-OsUOA
001 60621
007 ta
008 20090601b un ||||| |||| 00| 0 ukr d
100 _aМотиль О.
090 _a32
_bМ85
942 _cSA
040 _aUA-OsUOA
_bukr
_cUA-OsUOA
_dUA-OsUOA
245 _aРосія та Україна на вагах демократії
300 _aС.2-5
955 _a0
041 _aukr
080 _a32
773 0 _w60620
_tКритика
_dК.
_d2009
_g4
650 7 _a32 Політика
_2UDC
999 _c346927
_d346927